Anciens Premiers ministres français - Statistiques

Statistiques générales
  • Ce quiz a été pris 136 fois
  • Le résultat moyen est 8 sur 11
Answers on the Grid
Answers color-coded by a green-red scale on the quiz's grid according to % correct below.
Édith Cresson
Lionel Jospin
Ségolène Royal
Bruno Le Maire
Manuel Valls
François Mitterrand
Jean-Pierre Raffarin
François Bayrou
Nicolas Sarkozy
Marine Le Pen
Édouard Philippe
Arlette Laguiller
Jean Castex
Elisabeth Borne
Jean-Luc Mélenchon
Rachida Dati
Georges Pompidou
Michel Rocard
Christine Lagarde
Raymond Barre
 
Statistiques - réponses
Réponse % Correct
Lionel Jospin
95%
Édith Cresson
88%
Manuel Valls
77%
Édouard Philippe
70%
Elisabeth Borne
70%
Jean Castex
70%
Jean-Pierre Raffarin
69%
François Bayrou
67%
Michel Rocard
63%
Raymond Barre
60%
Georges Pompidou
58%
Aucun quiz correspondant
Distribution des résultats
% des personnes avec chaque résultat
Percentile par nombre de réponses
Votre historique - résultats
Vous n’avez pas pris ce quiz